Central Library OPAC University of Rajshahi

Fatal curiosity / (Record no. 18775)

MARC details
000 -LEADER
fixed length control field 00825nam a22002771 4500
001 - CONTROL NUMBER
control field 18775
003 - CONTROL NUMBER IDENTIFIER
rucl marc code BD-RjUL
005 - DATE AND TIME OF LATEST TRANSACTION
control field 20211209000331.0
008 - FIXED-LENGTH DATA ELEMENTS--GENERAL INFORMATION
fixed length control field 140222s1967 enk b 000 d eng
035 ## - SYSTEM CONTROL NUMBER
System control number (BD-RjUL)18833
System control number (OCoLC)8981261
040 ## - CATALOGING SOURCE
Original cataloging agency DLC
Transcribing agency TxEU
Modifying agency DLC
-- BD-RjUL
Language of cataloging eng
041 ## - LANGUAGE CODE
Language code of text/sound track or separate title eng
082 ## - DEWEY DECIMAL CLASSIFICATION NUMBER
Classification number 822.5
Author mark and year LIF 1967
100 1# - MAIN ENTRY--PERSONAL NAME
Personal name Lillo, George,
Dates associated with a name 1693-1739.
9 (RLIN) 57879
245 10 - TITLE STATEMENT
Title Fatal curiosity /
Statement of responsibility, etc. edited by William H. McBurney.
260 ## - PUBLICATION, DISTRIBUTION, ETC. (IMPRINT)
Place of publication, distribution, etc. London :
Name of publisher, distributor, etc. Edward Arnold,
Date of publication, distribution, etc. c1967.
300 ## - PHYSICAL DESCRIPTION
Pagination xxv, 69 p. ;
Size 21 cm.
490 0# - SERIES STATEMENT
Series statement Regents Restoration drama series
504 ## - BIBLIOGRAPHY, ETC. NOTE
Bibliography, etc Bibliographical notes.
650 #0 - SUBJECT ADDED ENTRY--TOPICAL TERM
Topical term or geographic name as entry element English drama
Chronological subdivision Restoration, 1660-1700.
9 (RLIN) 57880
700 1# - ADDED ENTRY--PERSONAL NAME
Personal name McBurney, William Harlin,
Relator term ed.
942 ## - ADDED ENTRY ELEMENTS (KOHA)
Source of classification or shelving scheme Dewey Decimal Classification
Koha item type Books
Holdings
Lost status Source of classification or shelving scheme Damaged status Not for loan Collection code Permanent Location Current Location Shelving location Date acquired Source of acquisition Cost, normal purchase price Total Checkouts Full call number Date last seen Copy number Koha item type
  Dewey Decimal Classification   Not For Loan Fiction Central Library, University of Rajshahi Central Library, University of Rajshahi Reading Room 08/11/1967 Zeit 0.21   822.5 LIF 1967 22/02/2014 C-1 Books